|
|
|
|
| LEADER |
00851cam a2200253 7i4500 |
| 001 |
0000051391 |
| 005 |
20180213090000.0 |
| 008 |
180213 eng |
| 020 |
|
|
|a 9789834715311
|
| 090 |
0 |
0 |
|a HF5415.13
|b .Y87 2016
|
| 100 |
0 |
|
|a Yusniza Kamarulzaman
|
| 245 |
1 |
0 |
|a Marketing management
|c Yusniza Kamarulzaman, Nor Khalidah Abu.
|
| 260 |
|
|
|a Shah Alam, Selangor:
|b Oxford Fajar Sdn. Bhd.,
|c 2016.
|
| 300 |
|
|
|a xi, 443 p.:
|b ill.;
|c 25 cm.
|
| 490 |
1 |
|
|a Oxford revision series
|
| 500 |
|
|
|a Gift: Faculty of Business & Accountancy
|
| 500 |
|
|
|a Includes index
|
| 650 |
0 |
0 |
|a Marketing --
|x Management
|
| 650 |
0 |
0 |
|a Marketing
|
| 700 |
0 |
|
|a Nor Khalidah Abu
|
| 997 |
|
|
|a Business & Accountancy, Faculty
|
| 998 |
|
|
|a Accountancy, Diploma
|
| 998 |
|
|
|a Accountancy, Degree
|
| 999 |
|
|
|a 0000061555
|b BOK
|c OPEN SHELF
|e 1st Floor, Shah Alam
|